00482cam a22001457a 4500008004000000082001600040100001600056245011100072260003000183300001000213650002800223650002700251650003800278700002000316180718b1973 xxu||||| |||| 00| 0 eng d aC35x54 Su76 aGupta, S.P. aSupreme Court on amendments of fundamental rights in Indian constitutioncby S.P. Gupta and N.A. Palkivala aAllahabadbLaw Pub.c1973 a993p. aCivil liberties - India aSupreme courts - India aConstitution - Amendments - India aPalkivala, N.A.